00354nam a2200133Ia 4500003000400000008004100004020002200045040000800067100002400075245006500099260002900164300001500193365001200208LDD181029s9999 xx 000 0 und d a387254250cE49.95 cLDD aLessenger, James E. 0aAgricultural medicineba practical guidecJames E. Lessenger aNew YorkbSpringerc2006 axvii, 541p bE 49.95